000
00218 a2200097 4500
001
12240
100
_a
Jane's
245
_a
Jane's: World Air Forces 2005
260
_a
London
_b
Jane's Group
_c
2005
090
_c
9470
_d
9470
942
_a
NUST-CAE
_c
M
_c
36345
999
_c
247313
_d
247313